Cuentos del Henares : (Record no. 190468)

MARC details
000 -LEADER
campo de control de longitud fija 00709nam a2200217 c 4500
001 - NÚMERO DE CONTROL
campo de control 190468
003 - IDENTIFICADOR DE NÚMERO DE CONTROL
campo de control ES-MaACL
005 - FECHA Y HORA DE LA ÚLTIMA TRANSACCIÓN
campo de control 20250930063202.0
008 - DATOS DE LONGITUD FIJA--INFORMACIÓN GENERAL
campo de control de longitud fija 210405s2018 sp 001 j spa
020 ## - NÚMERO INTERNACIONAL ESTÁNDAR DEL LIBRO
Número Internacional Estándar del Libro 978-84-17326-26-5
080 ## - NÚMERO DE LA CLASIFICACIÓN DECIMAL UNIVERSAL
Número de la Clasificación Decimal Universal 821.134.2-32"19"
100 1# - ENTRADA PRINCIPAL--NOMBRE DE PERSONA
Nombre de persona Vela, Fidel,
Fechas asociadas al nombre 1934-
9 (RLIN) 145468
245 10 - MENCIÓN DEL TÍTULO
Título Cuentos del Henares :
Resto del título (de ayer y de hoy) /
Mención de responsabilidad, etc. Fidel Vela García.
250 ## - MENCION DE EDICION
Mención de edición 1ª ed.
260 ## - PUBLICACIÓN, DISTRIBUCIÓN, ETC.
Lugar de publicación, distribución, etc. [Madrid] :
Nombre del editor, distribuidor, etc. Letras de Autor,
Fecha de publicación, distribución, etc. 2018.
300 ## - DESCRIPCIÓN FÍSICA
Extensión 181 p. ;
Dimensiones 21 cm.
852 4# - LOCALIZACIÓN
Ubicación ES-MaACL
Número de control de estantería A-14670
itemnumber 197645
Sublocalización o colección R.152217
Ubicación en estantería Depósito 1
Signatura antigua Olim: N-7670
Donativo/Legado Donación: Fidel Vela García
903 ## - NOMBRE PERSONAL DE DONANTE
a Vela, Fidel,
d 1934-
e Donante
9 145468
942 ## - ELEMENTOS DE ENTRADA SECUNDARIOS (KOHA)
Fuente del sistema de clasificación o colocación Clasificación decimal universal
Tipo de ítem Koha Libro impreso
Holdings
Estatus retirado Estado de pérdida Fuente del sistema de clasificación o colocación Estado de daño No para préstamo Biblioteca de origen Biblioteca actual Ubicación en estantería Fecha de adquisición Fuente de adquisición Total de préstamos Signatura topográfica completa Código de barras Visto por última vez Precio de reemplazo Tipo de ítem Koha
    Clasificación decimal universal     Biblioteca del Ateneo de Madrid Biblioteca del Ateneo de Madrid Depósito 1 05/04/2021 Donación   A-14670 1202492 23/02/2023 23/02/2023 Libro impreso